Catalog

Record Details

Catalog Search



In a strange city  Cover Image Book Book

In a strange city / by Laura Lippman.

Record details

  • ISBN: 0380978180
  • ISBN: 0380810239
  • Physical Description: 310 pages ; 24 cm.
  • Edition: 1st edition
  • Publisher: New York : Morrow, 2001.
Subject: Monaghan, Tess (Fictitious character).
Women private investigators > Maryland > Baltimore > Fiction.
Poe, Edgar Allan, 1809-1849 > Tomb > Fiction.
Baltimore (Md.) > Fiction.
Detective and mystery stories.

LDR 00974cam a2200301 a 4500
001126218
003CONS
00520140703073303.0
008001218s2001 nyu 000 1 eng
010 . ‡a 00054622
020 . ‡a0380978180
020 . ‡a0380810239
035 . ‡a(CPomAG)LMN493418
043 . ‡an-us-md
05000. ‡aPS3562.I586 ‡bI5 2001
08200. ‡a813/.6 ‡221
1001 . ‡aLippman, Laura, ‡d1959-
24510. ‡aIn a strange city / ‡cby Laura Lippman.
250 . ‡a1st edition
260 . ‡aNew York : ‡bMorrow, ‡c2001.
300 . ‡a310 pages ; ‡c24 cm.
650 0. ‡aMonaghan, Tess (Fictitious character).
650 0. ‡aWomen private investigators ‡zMaryland ‡zBaltimore ‡vFiction.
60010. ‡aPoe, Edgar Allan, ‡d1809-1849 ‡xTomb ‡vFiction.
651 0. ‡aBaltimore (Md.) ‡vFiction.
650 0. ‡aDetective and mystery stories.
959 . ‡i32269000683022 ‡lF Lip ‡aAdult - Fiction ‡tFiction ‡g24.00
852 . ‡p32269000683022 ‡jF Lip ‡gAdult - Fiction ‡cFiction ‡y24.00 ‡bSBPL
901 . ‡a126218 ‡bUnknown ‡c126218 ‡tbiblio

Additional Resources